000 00515nam a2200193Ia 4500
005 20250508151126.0
008 008 250505s9999 xx 000 0 hin d
037 _aTextual
040 _aFEDL
_beng
_cFEDL
041 _ahin
_2eng
084 _a330, JOS
_qFEDL
100 _aJoshi Murlidhar
_9758461
245 0 _aArthsastra
260 _aLucknow, India
_bUpar Publishing House Limited
_c1951
300 _a432p.
650 _aEconomics
942 _cTEXL
_h330, JOS
999 _c1327744
_d1327744